| 000 | 00737nam a2200229Ia 4500 | ||
|---|---|---|---|
| 003 | OSt | ||
| 005 | 20220926021833.0 | ||
| 006 | a|||||r|||| 00| 0 | ||
| 007 | ta | ||
| 008 | 220923b |||||||| |||| 00| 0 eng d | ||
| 037 | _cGeneral Book | ||
| 040 |
_aRTL _cRTL _beng |
||
| 041 |
_2eng _aeng |
||
| 082 | _aVIn45,933:8.N77<--N76, L5,6.6 UN | ||
| 110 |
_aUNITED NATIONS, GENERAL ASSEMBLY. _999298 |
||
| 245 | 0 | _aProposed programme budget for the biennium 1976-1977. | |
| 260 |
_aNew York _bUnited Nations _c1975 |
||
| 300 |
_av.vi,Sec.22(X,273p) _ccm. |
||
| 700 |
_aUNITED NATIONS, GENERAL ASSEMBLY. _999299 |
||
| 942 |
_hVIn45,933:8.N77<--N76, L5,6.6 UN _cGB _2CC |
||
| 999 |
_c637790 _d637790 |
||